Call of the blue hills : (Record no. 92918)

MARC details
000 -LEADER
fixed length control field 00641nam a22001817a 4500
005 - DATE AND TIME OF LATEST TRANSACTION
control field 20150515150102.0
010 ## - LCCN (DPL NO)
LC control number ENG-112679
020 ## - INTERNATIONAL STANDARD BOOK NUMBER
Terms of availability 90.00
International Standard Book Number 9788123763743
035 ## - SYSTEM CONTROL NUMBER
System control number EN-96211
037 ## - SOURCE OF ACQUISITION
Source of stock number/acquisition DBAD/PUB
082 ## - DEWEY DECIMAL CLASSIFICATION NUMBER
Classification number 954.511
100 ## - MAIN ENTRY--PERSONAL NAME
Personal name Bardoloi, Chandra
245 00 - TITLE STATEMENT
Title Call of the blue hills :
Statement of responsibility, etc by Chandra Bardoloi
Remainder of title recollections of Arunachal Pradesh /
260 ## - PUBLICATION, DISTRIBUTION, ETC. (IMPRINT)
Place of publication, distribution, etc New Delhi
Name of publisher, distributor, etc National Book Trust
Date of publication, distribution, etc 2012
270 ## - ADDRESS
Address Nehru Bhawan, 5 Institutional Area, Phase-ll Vasant Kunj
City New Delhi
Postal code 110070
300 ## - PHYSICAL DESCRIPTION
Extent xii, 164 p., 4 pages of plates :
Dimensions 22cm(pbk)
Other physical details ill.(chiefly col.)
942 ## - ADDED ENTRY ELEMENTS (KOHA)
Source of classification or shelving scheme Dewey Decimal Classification
Item type English Books
Call number suffix BAR
Classification part 954.511
Holdings
Withdrawn status Lost status Not for loan Collection code Home library Current library Date acquired Source of acquisition Cost, normal purchase price Full call number Barcode Copy number Cost, replacement price Koha item type
    Not For Loan Non-fiction D.B.Act.Division D.B.Act.Division 13/04/2015 DBAD/PUB 90.00 954.511 BAR EN-96211 1 90.00 English Books

© Delhi Public Library
Hit Counter
free hit counter